[Event "GER-chT School WK 4"]
[Site "Playchess.com INT"]
[Date "2020.06.16"]
[Round "1.3"]
[White "Zimmer, Florian"]
[Black "Hartl, Jan1111"]
[Result "0-1"]
[WhiteElo "1620"]
[BlackElo "1712"]
[PlyCount "58"]
[EventDate "2020.06.16"]
[EventType "team-swiss (blitz)"]
[EventRounds "5"]
[EventCountry "GER"]
[SourceTitle "EXT 2021"]
[Source "ChessBase"]
[SourceDate "2020.10.23"]
[SourceVersion "1"]
[SourceVersionDate "2020.10.23"]
[SourceQuality "1"]
[WhiteTeam "Mainz O Schott Gymn"]
[BlackTeam "Kerpen SK"]
[WhiteTeamCountry "GER"]
[BlackTeamCountry "GER"]

1. e4 e6 2. d4 d5 3. e5 c5 4. c3 Nc6 5. Nf3 Qb6 6. Be3 cxd4 7. cxd4 Bb4+ 8. Nc3 Nge7 9. Bd3 Nxd4 10. Bxd4 Bxc3+ 11. Bxc3 Nf5 12. 0-0 d4 13. Bxf5 dxc3 14. Be4 Qxb2 15. Rb1 Qxa2 16. Ng5 h6 17. Nf3 Qc4 18. Bd3 Qc5 19. Qa4+ Bd7 20. Bb5 Bxb5 21. Qxb5+ Qxb5 22. Rxb5 Kd8 23. Rxb7 a5 24. Rc1 Rc8 25. Ra7 Rc5 26. Rxf7 g5 27. Ra7 g4 28. Nd4 Rxe5 29. Rxc3 Re1# 0-1